000 00706nam a2200217 a 4500
999 _c3956
_d3956
001 3956
003 BD-JhCC
005 20171119211449.0
008 171119s1965 bg |||| |||| 000 0 ben d
035 _a(BD-JhCC)3956
040 _aBD-JhCC
_dBD-JhCC
041 _aben
082 _a398.09
_bDHA 1965
245 _aঢাকার লোক-কাহিনী /
_cমোহাম্মদ মনিরুজ্জামান [সম্পা.]
260 _aঢাকা :
_bবাংলা একাডেমী,
_c1965.
300 _a174 p. :
_c21 cm.
650 _aFolk tales
_zDacca
700 _aমনিরুজ্জামান, মোহাম্মদ
942 _2ddc
_cBK